书目信息 |
| 题名: |
非石棉垫片复合材料设计与性能
|
|
| 作者: | 胡宏玖 , 谢苏江 , 刘美红 编著 | |
| 分册: | ||
| 出版信息: | 上海 上海大学出版社 2006 |
|
| 页数: | 236页 | |
| 开本: | 18cm | |
| 丛书名: | ||
| 单 册: | ||
| 中图分类: | TB33 | |
| 科图分类: | ||
| 主题词: | 高聚物--纤维增强复合材料--垫圈 , 纤维增强复合材料 , 垫圈 , 高聚物 | |
| 电子资源: | ||
| ISBN: | 7-81058-950-4 | |
| 000 | 01139nam0 2200289 450 | |
| 001 | 010010029939 | |
| 005 | 20061119095900.50 | |
| 010 | @a7-81058-950-4@dCNY19.80 | |
| 100 | @a20060421d2006 em y0chiy0110 ea | |
| 101 | 0 | @achi |
| 102 | @aCN@b310000 | |
| 105 | @aak z 000yy | |
| 200 | 1 | @a非石棉垫片复合材料设计与性能@9fei shi mian dian pian fu he cai liao she ji yu xing neng@f胡宏玖,谢苏江,刘美红编著 |
| 210 | @a上海@c上海大学出版社@d2006 | |
| 215 | @a236页@c图@d18cm | |
| 330 | @a本书是纤维增强聚合物复合材料专著,本书提出了代石棉纤维、弹性体粘合剂和增强与填容填料的选用设计方法,阐述了主要非石棉纤维的表面处理方法及其界面粘接作用机制,详尽介绍了非石棉纤维增强弹性体垫片符合材料的三种成熟的制备方法等内容。 | |
| 510 | 1 | @aDesign & performance of non-asbestos fibre reinforced elastomer sheet@zeng |
| 606 | 0 | @a高聚物@x纤维增强复合材料@x垫圈 |
| 606 | 0 | @a纤维增强复合材料 |
| 606 | 0 | @a垫圈 |
| 606 | 0 | @a高聚物 |
| 690 | @aTB33@v4 | |
| 701 | 0 | @a胡宏玖@9hu hong jiu@4编著 |
| 701 | 0 | @a谢苏江@9xie su jiang@4编著 |
| 701 | 0 | @a刘美红@9liu mei hong@4编著 |
| 801 | 0 | @aCN@bRENTIAN@c20061119 |
| 905 | @a10447@dTB33@e103 | |
| 非石棉垫片复合材料设计与性能/胡宏玖,谢苏江,刘美红编著.-上海:上海大学出版社,2006 |
| 236页:图;18cm |
| ISBN 7-81058-950-4:CNY19.80 |
| 本书是纤维增强聚合物复合材料专著,本书提出了代石棉纤维、弹性体粘合剂和增强与填容填料的选用设计方法,阐述了主要非石棉纤维的表面处理方法及其界面粘接作用机制,详尽介绍了非石棉纤维增强弹性体垫片符合材料的三种成熟的制备方法等内容。 |
| ● |
| 相关链接 |
|
|
|
|
正题名:非石棉垫片复合材料设计与性能
索取号:TB33/103
 
预约/预借
| 序号 | 登录号 | 条形码 | 馆藏地/架位号 | 状态 | 备注 |
| 1 | 0393250 | 203932502 | 第二样本阅览室/ [索取号:TB33/103] | 在馆 | |
| 2 | 0393251 | 203932511 | 第三借阅区/ [索取号:TB33/103] | 在馆 | |
| 3 | 0393252 | 203932520 | 第三借阅区/ [索取号:TB33/103] | 在馆 | |
| 4 | 0393253 | 203932539 | 第三借阅区/ [索取号:TB33/103] | 在馆 | |
| 5 | 0393254 | 203932548 | 第三借阅区/ [索取号:TB33/103] | 在馆 |